000
00270nam a2200109Ia 4500
005
20251222141959.0
008
251222s9999||||xx |||||||||||||| ||spa||
082
_a
355.4/D85
245
0
_a
Doctrina de Defensa Nacional
264
_b
Consejo de Defensa Nacional
942
_c
LIB
999
_c
9938
_d
9938